[Event "Benidorm 2013 - Torneo sub2300"]
[Site "Benidorm ESP"]
[Date "2013.12.01"]
[Round "4.14"]
[White "Fidalgo Fernandez, Javier"]
[Black "Sesma Rubio, Patxi"]
[Result "1/2-1/2"]
[WhiteElo "2264"]
[BlackElo "2146"]
[PlyCount "33"]
[EventDate "2013.11.29"]
[EventType "swiss"]
[EventRounds "10"]
[EventCountry "ESP"]
[Source "lmi"]
[SourceDate "2013.11.29"]

1. d4 Nf6 2. Bg5 e6 3. e4 Be7 4. e5 Nd5 5. Bd2 d6 6. c4 Nb6 7. Nf3 dxe5 8. dxe5
Nc6 9. Nc3 Nd4 10. Nxd4 Qxd4 11. Qe2 Bd7 12. f4 Na4 13. Be3 Nxc3 14. Bxd4 Nxe2
15. Bxe2 Bc6 16. O-O O-O-O 17. Be3 1/2-1/2

[Event "Benidorm 2013 - Torneo sub2300"]
[Site "Benidorm ESP"]
[Date "2013.12.01"]
[Round "4.17"]
[White "Cano Gimenez, Vicente"]
[Black "Garcia Ramos, Marcos"]
[Result "1/2-1/2"]
[WhiteElo "2260"]
[BlackElo "2131"]
[PlyCount "25"]
[EventDate "2013.11.29"]
[EventType "swiss"]
[EventRounds "10"]
[EventCountry "ESP"]
[Source "lmi"]
[SourceDate "2013.11.29"]

1. g3 Nf6 2. Bg2 e5 3. c4 h6 4. Nc3 Bb4 5. Nd5 Nxd5 6. cxd5 c6 7. Qb3 Qb6 8.
Nf3 d6 9. a3 Bc5 10. Qxb6 Bxb6 11. dxc6 Nxc6 12. d3 Be6 13. Be3 1/2-1/2

[Event "Benidorm 2013 - Torneo sub2300"]
[Site "Benidorm ESP"]
[Date "2013.12.01"]
[Round "4.18"]
[White "Olhovik, Andrei"]
[Black "Rubio Tapia, Jose Juan"]
[Result "1-0"]
[WhiteElo "2252"]
[BlackElo "2130"]
[PlyCount "57"]
[EventDate "2013.11.29"]
[EventType "swiss"]
[EventRounds "10"]
[EventCountry "ESP"]
[Source "lmi"]
[SourceDate "2013.11.29"]

1. d4 Nf6 2. c4 g6 3. g3 c5 4. Nf3 Bg7 5. d5 O-O 6. Nc3 d6 7. Bg2 e5 8. O-O Na6
9. Ne1 Nc7 10. Nd3 Rb8 11. a4 b6 12. e4 a6 13. f4 exf4 14. Bxf4 Ng4 15. h3 Bd4+
16. Kh1 Ne3 17. Bxe3 Bxe3 18. e5 b5 19. exd6 Qxd6 20. Ne4 Qd8 21. Ne5 Bb7 22.
Nd7 bxc4 23. Nxb8 Qxb8 24. Nf6+ Kg7 25. Nd7 Qd8 26. Nxf8 Qxf8 27. d6 Bxg2+ 28.
Kxg2 Ne6 29. Qd5 1-0

[Event "Benidorm 2013 - Torneo sub2300"]
[Site "Benidorm ESP"]
[Date "2013.12.01"]
[Round "4.26"]
[White "Iturbide Arnedo, Oscar"]
[Black "Bosque Ortega, Xavier"]
[Result "0-1"]
[WhiteElo "2102"]
[BlackElo "2197"]
[PlyCount "80"]
[EventDate "2013.11.29"]
[EventType "swiss"]
[EventRounds "10"]
[EventCountry "ESP"]
[Source "lmi"]
[SourceDate "2013.11.29"]

1. e4 c6 2. d4 g6 3. Nc3 d5 4. e5 Bg7 5. f4 h5 6. Nf3 Bg4 7. Be3 Nh6 8. h3 Bxf3
9. Qxf3 e6 10. Bf2 h4 11. Bd3 Nd7 12. O-O Nf5 13. Ne2 Bf8 14. b3 Be7 15. c4 Nb6
16. c5 Nd7 17. b4 Kf8 18. a4 Kg7 19. Rfc1 Qc7 20. b5 Rac8 21. bxc6 bxc6 22.
Rcb1 Rb8 23. Be1 Rxb1 24. Rxb1 Rb8 25. Bxf5 exf5 26. Rb4 Rxb4 27. Bxb4 Qb7 28.
Qc3 Nf8 29. Kh2 Ne6 30. Qd2 Qa6 31. Qc2 Kh7 32. Be1 Qb7 33. g4 hxg3+ 34. Kxg3
Bf8 35. Kf3 Bh6 36. h4 Bxf4 37. h5 Bh6 38. hxg6+ fxg6 39. Bc3 Qe7 40. Qd1 Qh4
0-1

[Event "Benidorm 2013 - Torneo sub2300"]
[Site "Benidorm ESP"]
[Date "2013.12.01"]
[Round "4.28"]
[White "Montalban Galvez, Antoni"]
[Black "Pozanco Romasanta, Marc"]
[Result "1-0"]
[WhiteElo "2183"]
[BlackElo "2070"]
[PlyCount "49"]
[EventDate "2013.11.29"]
[EventType "swiss"]
[EventRounds "10"]
[EventCountry "ESP"]
[Source "lmi"]
[SourceDate "2013.11.29"]

1. d4 b6 2. Nf3 Bb7 3. g3 Bxf3 4. exf3 g6 5. Nd2 Bg7 6. Nc4 e6 7. a4 Nc6 8. c3
d5 9. Ne3 Nge7 10. f4 O-O 11. Bd3 Na5 12. b4 Nb7 13. Ng4 c5 14. Ne5 cxd4 15.
cxd4 f6 16. Nf3 Nc6 17. Ba3 Nd6 18. h4 e5 19. b5 Nxd4 20. Nxd4 exd4 21. h5 Re8+
22. Kf1 f5 23. hxg6 hxg6 24. Rc1 Nc4 25. Rxc4 1-0

[Event "Benidorm 2013 - Torneo sub2300"]
[Site "Benidorm ESP"]
[Date "2013.12.01"]
[Round "4.29"]
[White "Nicolas Zapata, Javier"]
[Black "Aracil Serra, Javier"]
[Result "0-1"]
[WhiteElo "2084"]
[BlackElo "2179"]
[PlyCount "62"]
[EventDate "2013.11.29"]
[EventType "swiss"]
[EventRounds "10"]
[EventCountry "ESP"]
[Source "lmi"]
[SourceDate "2013.11.29"]

1. d4 Nf6 2. c4 c5 3. d5 g6 4. Nc3 Bg7 5. e4 O-O 6. f4 d6 7. Be2 b5 8. cxb5 a6
9. bxa6 Bxa6 10. Nf3 Qb6 11. h3 Nh5 12. Bxa6 Nxa6 13. O-O c4+ 14. Kh2 Nb4 15.
Ne1 Rfb8 16. a3 Na6 17. g4 Nf6 18. e5 dxe5 19. fxe5 Nd7 20. Nf3 Nxe5 21. Nxe5
Bxe5+ 22. Kg2 Nc5 23. Qf3 f6 24. Ne4 Nd3 25. Rb1 Qb3 26. Be3 Qc2+ 27. Nf2 Bxb2
28. d6 exd6 29. Qd5+ Kh8 30. Rxb2 Qxb2 31. Bd4 Nf4+ 0-1

[Event "Benidorm 2013 - Torneo sub2300"]
[Site "Benidorm ESP"]
[Date "2013.12.01"]
[Round "4.33"]
[White "Lopez Quevedo, Eduardo"]
[Black "Navarro Lopez-Menchero, Daniel"]
[Result "0-1"]
[WhiteElo "2106"]
[BlackElo "2283"]
[PlyCount "36"]
[EventDate "2013.11.29"]
[EventType "swiss"]
[EventRounds "10"]
[EventCountry "ESP"]
[Source "lmi"]
[SourceDate "2013.11.29"]

1. e4 c5 2. Ne2 e6 3. Nbc3 a6 4. d4 cxd4 5. Nxd4 b5 6. Be2 Bb7 7. Bf3 Qc7 8.
O-O Nc6 9. Nxc6 dxc6 10. e5 Qxe5 11. Re1 Qc7 12. Bh5 Be7 13. Rxe6 g6 14. Qd4
fxe6 15. Qxh8 O-O-O 16. Qxh7 gxh5 17. Qxh5 b4 18. Ne4 Qe5 0-1

[Event "Benidorm 2013 - Torneo sub2300"]
[Site "Benidorm ESP"]
[Date "2013.12.01"]
[Round "4.35"]
[White "Martinez Ayesa, Aitor"]
[Black "Simon Padros, Emili"]
[Result "1/2-1/2"]
[WhiteElo "2097"]
[BlackElo "2214"]
[PlyCount "43"]
[EventDate "2013.11.29"]
[EventType "swiss"]
[EventRounds "10"]
[EventCountry "ESP"]
[Source "lmi"]
[SourceDate "2013.11.29"]

1. d4 e6 2. c4 f5 3. Nf3 d5 4. g3 Nf6 5. Bg2 c6 6. O-O Bd6 7. b3 Qe7 8. a4 a5
9. Ba3 Bxa3 10. Nxa3 O-O 11. Ne5 Nbd7 12. Nxd7 Bxd7 13. Qd3 Qd6 14. f4 Ne4 15.
Rfb1 b6 16. Nc2 Rfc8 17. e3 Be8 18. Ne1 Qb4 19. Nc2 Qd6 20. Ne1 Bh5 21. Bf3 Be8
22. Bg2 1/2-1/2

[Event "Benidorm 2013 - Torneo sub2300"]
[Site "Benidorm ESP"]
[Date "2013.12.01"]
[Round "4.41"]
[White "Murcia Paredes, Angel"]
[Black "Jimenez Almeida, Luis David"]
[Result "1/2-1/2"]
[WhiteElo "2121"]
[BlackElo "1985"]
[PlyCount "77"]
[EventDate "2013.11.29"]
[EventType "swiss"]
[EventRounds "10"]
[EventCountry "ESP"]
[Source "lmi"]
[SourceDate "2013.11.29"]

1. e4 e6 2. Nf3 c5 3. c3 Nc6 4. d4 cxd4 5. cxd4 d5 6. e5 Nge7 7. a3 Nf5 8. b4
Qb6 9. Bb2 Be7 10. Bd3 O-O 11. O-O Bd7 12. Nc3 Nfxd4 13. Nxd4 Qxd4 14. b5 Qxe5
15. Re1 Qc7 16. bxc6 bxc6 17. Rc1 Qb6 18. Na4 Qb8 19. Be5 Qe8 20. Nc5 f6 21.
Nxd7 Qxd7 22. Qh5 f5 23. a4 c5 24. Bb5 Qb7 25. Rb1 a6 26. Bd3 Qc6 27. a5 Bd8
28. Ra1 c4 29. Bc2 Bf6 30. Ba4 Qc5 31. Bd7 Qe7 32. Bc6 Bxe5 33. Bxa8 Bxa1 34.
Bxd5 Kh8 35. Rxe6 Qc5 36. Re8 g6 37. Rxf8+ Qxf8 38. Qd1 Qf6 39. Bxc4 1/2-1/2

[Event "Benidorm 2013 - Torneo sub2300"]
[Site "Benidorm ESP"]
[Date "2013.12.01"]
[Round "4.48"]
[White "Bilquez, Romain"]
[Black "Vinals Rioja, Jaume"]
[Result "1-0"]
[WhiteElo "2152"]
[BlackElo "2026"]
[PlyCount "41"]
[EventDate "2013.11.29"]
[EventType "swiss"]
[EventRounds "10"]
[EventCountry "ESP"]
[Source "lmi"]
[SourceDate "2013.11.29"]

1. e4 c5 2. c3 d5 3. exd5 Qxd5 4. d4 Nf6 5. Nf3 Bg4 6. Be2 e6 7. O-O Be7 8. Na3
O-O 9. Nb5 Qd8 10. dxc5 a6 11. Nd6 Qc7 12. h3 Bh5 13. Qb3 Qxc5 14. Qxb7 Ra7 15.
b4 Rxb7 16. bxc5 Bxd6 17. cxd6 Ne4 18. c4 Nxd6 19. g4 Bg6 20. Ba3 Rd8 21. Rfd1
1-0

[Event "Benidorm 2013 - Torneo sub2300"]
[Site "Benidorm ESP"]
[Date "2013.12.01"]
[Round "4.49"]
[White "Sereinig, Eduard"]
[Black "Ridameya Tatche, Jose Miguel"]
[Result "1/2-1/2"]
[WhiteElo "2148"]
[BlackElo "2021"]
[PlyCount "37"]
[EventDate "2013.11.29"]
[EventType "swiss"]
[EventRounds "10"]
[EventCountry "ESP"]
[Source "lmi"]
[SourceDate "2013.11.29"]

1. Nf3 f5 2. g3 Nf6 3. Bg2 e6 4. O-O Be7 5. d3 d6 6. c4 O-O 7. Nc3 c6 8. Rb1
Qe8 9. e4 fxe4 10. dxe4 Qh5 11. e5 dxe5 12. Re1 Nbd7 13. Nxe5 Qxd1 14. Nxd1
Nxe5 15. Rxe5 Bd6 16. Re2 e5 17. Nc3 Bg4 18. Re1 Bf5 19. Be4 1/2-1/2

[Event "Benidorm 2013 - Torneo sub2300"]
[Site "Benidorm ESP"]
[Date "2013.12.01"]
[Round "4.51"]
[White "Megias Ortiz, Vicente Manuel"]
[Black "Del Valle Rosas, Alfonso"]
[Result "1-0"]
[WhiteElo "2092"]
[BlackElo "2008"]
[PlyCount "72"]
[EventDate "2013.11.29"]
[EventType "swiss"]
[EventRounds "10"]
[EventCountry "ESP"]
[Source "lmi"]
[SourceDate "2013.11.29"]

1. e4 c5 2. Nf3 g6 3. d4 cxd4 4. Nxd4 Bg7 5. Nc3 Nf6 6. Nb3 O-O 7. Be2 a5 8. a4
Nc6 9. Be3 d5 10. exd5 Nb4 11. Bf3 Bf5 12. Nd4 Qd7 13. h3 h5 14. Qd2 Rac8 15.
O-O Rxc3 16. bxc3 Nbxd5 17. Rab1 Ne4 18. Bxe4 Bxe4 19. Rb3 Qxa4 20. Rfb1 Nxe3
21. fxe3 Rd8 22. Qf2 Bh6 23. Rf1 Qc4 24. Kh1 Bxe3 25. Qe1 Bxd4 26. cxd4 Qxc2
27. Rg3 a4 28. Qb4 Qc7 29. Rc3 Qd7 30. Rg3 Qd6 31. Qe1 f5 32. Qe3 Kh7 33. Rg5
Qxd4 34. Qa3 Qf6 35. Rg3 Qd6 36. Qe3 h4 1-0

[Event "Benidorm 2013 - Torneo sub2300"]
[Site "Benidorm ESP"]
[Date "2013.12.01"]
[Round "4.53"]
[White "Nieves Cabanes, Javier"]
[Black "Parals Marce, Luis"]
[Result "1/2-1/2"]
[WhiteElo "2087"]
[BlackElo "1984"]
[PlyCount "82"]
[EventDate "2013.11.29"]
[EventType "swiss"]
[EventRounds "10"]
[EventCountry "ESP"]
[Source "lmi"]
[SourceDate "2013.11.29"]

1. d4 Nf6 2. c4 e6 3. Nc3 Bb4 4. e3 O-O 5. Bd3 d5 6. cxd5 exd5 7. Nge2 a6 8.
O-O Re8 9. f3 c5 10. a3 cxd4 11. exd4 Bd6 12. Bg5 Be7 13. Qc2 h6 14. Bh4 Nc6
15. Rad1 Be6 16. Rfe1 Rc8 17. Qd2 Qd7 18. Bf2 Bf5 19. Ng3 Bxd3 20. Qxd3 Na5 21.
Nf5 Nc4 22. Re2 Bf8 23. Rde1 Rxe2 24. Rxe2 Re8 25. Ne3 b5 26. Bh4 Rxe3 27. Rxe3
Nxb2 28. Qb1 Nc4 29. Re2 g5 30. Bg3 Nxa3 31. Qb3 Nc4 32. Ra2 Qc6 33. Be1 Nh5
34. Ne2 Bd6 35. g3 Ng7 36. Qb1 Bc7 37. Nc3 Ne6 38. Qf5 Ne3 39. Qd3 Nc4 40. Qf5
Ne3 41. Qd3 Nc4 1/2-1/2

[Event "Benidorm 2013 - Torneo sub2300"]
[Site "Benidorm ESP"]
[Date "2013.12.01"]
[Round "4.60"]
[White "Machlik, Edit"]
[Black "Marques Pimentel, Manuel Jesus"]
[Result "1/2-1/2"]
[WhiteElo "1862"]
[BlackElo "2068"]
[PlyCount "50"]
[EventDate "2013.11.29"]
[EventType "swiss"]
[EventRounds "10"]
[EventCountry "ESP"]
[Source "lmi"]
[SourceDate "2013.11.29"]

1. d4 d5 2. c4 c6 3. Nc3 Nf6 4. e3 g6 5. Nf3 Bg7 6. b3 O-O 7. h3 Ne4 8. Nxe4
dxe4 9. Nd2 e5 10. dxe5 Bxe5 11. Rb1 f5 12. Bb2 Bxb2 13. Rxb2 Qf6 14. Rc2 Na6
15. a3 Rd8 16. b4 Be6 17. Be2 Nb8 18. O-O Nd7 19. Qc1 c5 20. Rd1 Bf7 21. Nb3 b6
22. Rcd2 Qe7 23. Qc3 cxb4 24. axb4 Nf6 25. Nd4 Rac8 1/2-1/2

[Event "Benidorm 2013 - Torneo sub2300"]
[Site "Benidorm ESP"]
[Date "2013.12.01"]
[Round "4.63"]
[White "Landa Monux, Josu"]
[Black "Forsa, Elise"]
[Result "1-0"]
[WhiteElo "2056"]
[BlackElo "1793"]
[PlyCount "71"]
[EventDate "2013.11.29"]
[EventType "swiss"]
[EventRounds "10"]
[EventCountry "ESP"]
[Source "lmi"]
[SourceDate "2013.11.29"]

1. d4 d5 2. c4 dxc4 3. Nc3 Nf6 4. Qa4+ Nbd7 5. e4 c6 6. Qxc4 e6 7. Nf3 Be7 8.
Be2 O-O 9. O-O c5 10. dxc5 Nxc5 11. e5 Nfd7 12. Rd1 Kh8 13. Be3 b6 14. b4 Na6
15. Qc6 Rb8 16. Bxa6 Bxa6 17. Qxd7 Qxd7 18. Rxd7 Bxb4 19. Ne4 Bb7 20. Nd6 Bxd6
21. Rxd6 Bd5 22. Rd7 a5 23. h4 Kg8 24. a4 h6 25. Nd4 Rfc8 26. Nf5 exf5 27. Rxd5
Rc4 28. g3 Kh7 29. Rb5 Rc6 30. Rab1 Rc4 31. Bf4 Rxa4 32. e6 Re8 33. exf7 Rf8
34. Rxf5 Kg6 35. g4 h5 36. Rxb6+ 1-0

[Event "Benidorm 2013 - Torneo sub2300"]
[Site "Benidorm ESP"]
[Date "2013.12.01"]
[Round "4.64"]
[White "Sanchiz Marti, Josep Miquel"]
[Black "Clanchet Olle, Josep"]
[Result "1-0"]
[WhiteElo "2049"]
[BlackElo "1787"]
[PlyCount "57"]
[EventDate "2013.11.29"]
[EventType "swiss"]
[EventRounds "10"]
[EventCountry "ESP"]
[Source "lmi"]
[SourceDate "2013.11.29"]

1. d4 d5 2. c4 e6 3. Nc3 Nf6 4. cxd5 exd5 5. Bg5 Be7 6. Qc2 Nc6 7. e3 Nb4 8.
Qb3 Bf5 9. Rc1 Ne4 10. Bxe7 Qxe7 11. a3 Nxc3 12. Rxc3 Nc2+ 13. Rxc2 Bxc2 14.
Qxc2 O-O 15. Nf3 Rfc8 16. Bd3 h6 17. Bf5 Rd8 18. O-O Rd6 19. Ne5 a5 20. Rc1 c6
21. Qc5 Qc7 22. Bb1 Re8 23. Ba2 f6 24. Ng6 b6 25. Bxd5+ Kh7 26. Qc2 Rxd5 27.
Ne7+ f5 28. Nxd5 Qf7 29. Nxb6 1-0

[Event "Benidorm 2013 - Torneo sub2300"]
[Site "Benidorm ESP"]
[Date "2013.12.01"]
[Round "4.71"]
[White "Moreno Simo, Javier"]
[Black "Sevillano Garcia, Joaquin"]
[Result "1/2-1/2"]
[WhiteElo "2018"]
[BlackElo "1934"]
[PlyCount "44"]
[EventDate "2013.11.29"]
[EventType "swiss"]
[EventRounds "10"]
[EventCountry "ESP"]
[Source "lmi"]
[SourceDate "2013.11.29"]

1. d4 d5 2. c4 e5 3. dxe5 d4 4. Nf3 Nc6 5. g3 Bg4 6. Bg2 Qd7 7. O-O O-O-O 8.
Qb3 Na5 9. Qd3 Bf5 10. e4 Be6 11. b3 h6 12. Na3 c5 13. Bd2 Nc6 14. Nb5 g5 15.
Nd6+ Kb8 16. Nf5 Nge7 17. g4 Ng6 18. h3 Ngxe5 19. Nxe5 Nxe5 20. Qg3 f6 21. f4
gxf4 22. Bxf4 Bxf5 1/2-1/2

[Event "Benidorm 2013 - Torneo sub2300"]
[Site "Benidorm ESP"]
[Date "2013.12.02"]
[Round "5.1"]
[White "Gete Rodriguez, Isidro"]
[Black "Valmana Canto, Jaime"]
[Result "1-0"]
[WhiteElo "2102"]
[BlackElo "2298"]
[PlyCount "83"]
[EventDate "2013.11.29"]
[EventType "swiss"]
[EventRounds "10"]
[EventCountry "ESP"]
[Source "lmi"]
[SourceDate "2013.11.29"]

1. d4 d6 2. c4 e5 3. d5 f5 4. Nc3 Nf6 5. Nf3 Be7 6. Qc2 O-O 7. Nd2 Na6 8. e4
fxe4 9. Ndxe4 Nxe4 10. Nxe4 Bf5 11. Bd3 Nb4 12. Qe2 Nxd3+ 13. Qxd3 c5 14. O-O
Bg5 15. Re1 Bxc1 16. Raxc1 Qh4 17. Qg3 Qh6 18. Qg5 Qxg5 19. Nxg5 h6 20. Ne4
Bxe4 21. Rxe4 a6 22. Rce1 b5 23. b3 Rab8 24. R1e3 Rf6 25. g3 g5 26. h4 Kg7 27.
Kg2 Kg6 28. Rf3 a5 29. Rfe3 bxc4 30. Rxc4 Rb4 31. hxg5 hxg5 32. Ree4 Rf8 33.
Rg4 Kf5 34. Rge4 Rfb8 35. Kf3 Rxc4 36. Rxc4 Rb4 37. g4+ Kf6 38. Rxb4 axb4 39.
Ke4 Kg6 40. Kd3 Kf6 41. f3 Ke7 42. Kc4 1-0

[Event "Benidorm 2013 - Torneo sub2300"]
[Site "Benidorm ESP"]
[Date "2013.12.02"]
[Round "5.2"]
[White "Rodriguez Melendez, Juan Humbe"]
[Black "Martinez Reyes, Pedro Ramon"]
[Result "1/2-1/2"]
[WhiteElo "2060"]
[BlackElo "2235"]
[PlyCount "71"]
[EventDate "2013.11.29"]
[EventType "swiss"]
[EventRounds "10"]
[EventCountry "ESP"]
[Source "lmi"]
[SourceDate "2013.11.29"]

1. e4 c5 2. Nf3 Nc6 3. d4 cxd4 4. Nxd4 d5 5. Bb5 dxe4 6. Nxc6 Qxd1+ 7. Kxd1 a6
8. Nd4+ axb5 9. Nxb5 Bg4+ 10. Ke1 O-O-O 11. N1c3 e5 12. Bg5 f6 13. Be3 f5 14.
h3 Bh5 15. g4 fxg4 16. Nxe4 Nf6 17. hxg4 Bxg4 18. Rh4 h5 19. Ng5 Nd5 20. Nf7
Nxe3 21. fxe3 Bc5 22. Nxd8 Rxd8 23. Rxg4 hxg4 24. Ke2 Rh8 25. Rg1 Rh4 26. Nc3
Rh2+ 27. Kd3 Rh3 28. Rxg4 Bxe3 29. Ke4 Bd4 30. Rxg7 Bxc3 31. bxc3 Rxc3 32. Rg2
Rc5 33. c4 Rxc4+ 34. Kxe5 Kc7 35. Kd5 b5 36. a4 1/2-1/2

[Event "Benidorm 2013 - Torneo sub2300"]
[Site "Benidorm ESP"]
[Date "2013.12.02"]
[Round "5.3"]
[White "Arias Igual, Alejandro"]
[Black "Sos Andreu, Eric"]
[Result "1/2-1/2"]
[WhiteElo "2178"]
[BlackElo "2276"]
[PlyCount "44"]
[EventDate "2013.11.29"]
[EventType "swiss"]
[EventRounds "10"]
[EventCountry "ESP"]
[Source "lmi"]
[SourceDate "2013.11.29"]

1. d4 Nf6 2. c4 g6 3. g3 Bg7 4. Bg2 O-O 5. Nc3 d6 6. Nf3 Nbd7 7. O-O e5 8. e3
c6 9. b3 Re8 10. Bb2 Rb8 11. Rc1 exd4 12. exd4 d5 13. cxd5 Nxd5 14. Nxd5 cxd5
15. Ne5 Nf6 16. Qc2 Be6 17. Qc7 Bf8 18. Qxd8 Rexd8 19. h3 Rbc8 20. Nd3 Bf5 21.
Rxc8 Rxc8 22. Rc1 Rxc1+ 1/2-1/2

[Event "Benidorm 2013 - Torneo sub2300"]
[Site "Benidorm ESP"]
[Date "2013.12.02"]
[Round "5.4"]
[White "Acuna Celada, Ivan"]
[Black "Saenz Narciso, Miguel Angel"]
[Result "1-0"]
[WhiteElo "2163"]
[BlackElo "2191"]
[PlyCount "130"]
[EventDate "2013.11.29"]
[EventType "swiss"]
[EventRounds "10"]
[EventCountry "ESP"]
[Source "lmi"]
[SourceDate "2013.11.29"]

1. d4 Nf6 2. c4 c5 3. d5 b5 4. cxb5 a6 5. bxa6 g6 6. Nc3 Bxa6 7. g3 d6 8. Bg2
Bg7 9. Nf3 Nbd7 10. Rb1 Nb6 11. b3 O-O 12. O-O Bb7 13. Nh4 Qd7 14. Qd2 Rfb8 15.
Rd1 Qc8 16. Bb2 c4 17. Qe3 Qd8 18. h3 Ra5 19. b4 Nfxd5 20. Nxd5 Rxd5 21. Bxd5
Nxd5 22. Rxd5 Bxb2 23. Rd2 Bf6 24. Nf3 Qd7 25. Rc1 Bxf3 26. Qxf3 Rxb4 27. Kg2
Qe6 28. Qd5 Qxd5+ 29. Rxd5 c3 30. Rc2 Kf8 31. Kf3 Ke8 32. Ke3 Kd7 33. Ra5 Ke6
34. a3 Rb1 35. Kd3 Rd1+ 36. Kc4 d5+ 37. Kb3 Rb1+ 38. Ka2 Rb6 39. e3 Kd6 40. Ra8
Rc6 41. Rb8 e5 42. f4 Ke6 43. fxe5 Kxe5 44. Re8+ Kd6 45. Rb8 Ke5 46. Rb4 Bg5
47. Kb3 Bxe3 48. Rxc3 Rxc3+ 49. Kxc3 f5 50. Kd3 Bf2 51. g4 fxg4 52. Rxg4 Kf5
53. Ke2 Bc5 54. a4 h5 55. Rg3 g5 56. Rc3 Bg1 57. Rf3+ Kg6 58. a5 Bc5 59. Rd3 d4
60. Rb3 g4 61. hxg4 hxg4 62. Rb5 Ba7 63. Rd5 Kf6 64. a6 Ke6 65. Rg5 Kd6 1-0

[Event "Benidorm 2013 - Torneo sub2300"]
[Site "Benidorm ESP"]
[Date "2013.12.02"]
[Round "5.5"]
[White "Carrascoso Morales, Abel"]
[Black "Sabater Sanchez, Asensio"]
[Result "0-1"]
[WhiteElo "2300"]
[BlackElo "2151"]
[PlyCount "62"]
[EventDate "2013.11.29"]
[EventType "swiss"]
[EventRounds "10"]
[EventCountry "ESP"]
[Source "lmi"]
[SourceDate "2013.11.29"]

1. d4 d5 2. c4 c6 3. Nc3 Nf6 4. Bg5 e6 5. Nf3 Nbd7 6. e3 Be7 7. Qc2 h6 8. Bh4
a6 9. cxd5 exd5 10. Bd3 O-O 11. O-O-O Re8 12. Ne5 Nxe5 13. dxe5 Ng4 14. Bg3 Bb4
15. e4 d4 16. Be2 Nxe5 17. Na4 b5 18. Nc5 Qe7 19. Nb3 c5 20. Bxe5 Qxe5 21. a3
c4 22. Nxd4 Bc5 23. Nc6 Qf4+ 24. Kb1 Bb7 25. g3 Qc7 26. Nb4 Bxe4 27. Qxe4 Rxe4
28. Bf3 Ree8 29. Bxa8 Bxb4 30. Bd5 Ba5 31. f4 c3 0-1

[Event "Benidorm 2013 - Torneo sub2300"]
[Site "Benidorm ESP"]
[Date "2013.12.02"]
[Round "5.6"]
[White "Quintin Navarro, Alberto"]
[Black "Aracil Serra, Javier"]
[Result "1/2-1/2"]
[WhiteElo "2288"]
[BlackElo "2179"]
[PlyCount "106"]
[EventDate "2013.11.29"]
[EventType "swiss"]
[EventRounds "10"]
[EventCountry "ESP"]
[Source "lmi"]
[SourceDate "2013.11.29"]

1. d4 d5 2. c4 e6 3. Nf3 Nf6 4. g3 Be7 5. Bg2 O-O 6. O-O c6 7. Qc2 Ne4 8. b3
Nd7 9. Ba3 f5 10. Qb2 b5 11. Bxe7 Qxe7 12. cxb5 cxb5 13. Nc3 Ba6 14. Rac1 Rfc8
15. Nxe4 dxe4 16. Ne1 Rxc1 17. Qxc1 Rc8 18. Qd2 b4 19. f3 exf3 20. Bxf3 Rc3 21.
d5 Qc5+ 22. Kh1 Qd6 23. Nc2 Ne5 24. Bg2 Ng4 25. Rf4 e5 26. Rxf5 Rxc2 27. Qxc2
Ne3 28. Qe4 Nxf5 29. Qxf5 Bxe2 30. Qf2 Bb5 31. Qxa7 Bd7 32. Be4 g6 33. Kg2 Kg7
34. Kf2 Kf6 35. Qe3 Kg7 36. Kg2 Qa6 37. Qd2 Qd6 38. Qg5 h6 39. Qd2 Bb5 40. Bf3
Kh7 41. h4 Kg7 42. Qf2 Bd3 43. Qa7+ Kf6 44. Qe3 Qa6 45. Qxh6 Qxa2+ 46. Kh3 e4
47. Qf4+ Kg7 48. Bxe4 Bxe4 49. Qxe4 Qxb3 50. d6 Qd1 51. Qe7+ Kh6 52. d7 Qf1+
53. Kh2 Qf2+ 1/2-1/2

[Event "Benidorm 2013 - Torneo sub2300"]
[Site "Benidorm ESP"]
[Date "2013.12.02"]
[Round "5.7"]
[White "Nava Pereda, Carlos"]
[Black "Goormachtigh, Johan"]
[Result "1/2-1/2"]
[WhiteElo "2273"]
[BlackElo "2177"]
[PlyCount "53"]
[EventDate "2013.11.29"]
[EventType "swiss"]
[EventRounds "10"]
[EventCountry "ESP"]
[Source "lmi"]
[SourceDate "2013.11.29"]

1. c4 Nf6 2. Nc3 g6 3. e4 d6 4. d4 Bg7 5. f3 O-O 6. Nge2 c5 7. d5 a6 8. a4 Nbd7
9. Ng3 h5 10. Be2 Nh7 11. Be3 Ne5 12. O-O e6 13. h3 exd5 14. cxd5 Qh4 15. Qe1
c4 16. Nh1 Qe7 17. Qd2 Re8 18. Rae1 g5 19. Ng3 h4 20. Nf5 Bxf5 21. exf5 Ng4 22.
hxg4 Qxe3+ 23. Qxe3 Rxe3 24. Bxc4 Bd4 25. Rxe3 Bxe3+ 26. Kh1 Nf6 27. Ne4
1/2-1/2

[Event "Benidorm 2013 - Torneo sub2300"]
[Site "Benidorm ESP"]
[Date "2013.12.02"]
[Round "5.8"]
[White "Pena Riasco, Alexander"]
[Black "Parligras, Cosmin"]
[Result "0-1"]
[WhiteElo "2164"]
[BlackElo "2257"]
[PlyCount "104"]
[EventDate "2013.11.29"]
[EventType "swiss"]
[EventRounds "10"]
[EventCountry "ESP"]
[Source "lmi"]
[SourceDate "2013.11.29"]

1. e4 c5 2. Nf3 Nc6 3. d4 cxd4 4. Nxd4 Nf6 5. Nc3 d6 6. Bg5 Bd7 7. Bb5 e6 8.
O-O Be7 9. Qd2 O-O 10. Rad1 Rc8 11. Nde2 Ne5 12. Bxf6 Bxf6 13. b3 Be7 14. Bxd7
Nxd7 15. Nb5 Nf6 16. Qd3 a6 17. Nbd4 b5 18. Ra1 Qc7 19. a4 b4 20. c4 bxc3 21.
Rac1 Qb7 22. Nxc3 Bd8 23. Rb1 Ba5 24. Nde2 Bb4 25. Rfc1 h6 26. Ng3 Bxc3 27.
Rxc3 Rxc3 28. Qxc3 Nxe4 29. Qd4 Nxg3 30. hxg3 d5 31. b4 Rc8 32. b5 Rc4 33. Qd1
axb5 34. axb5 Qb6 35. Qd3 g6 36. Rb2 h5 37. Kh2 h4 38. Qa3 hxg3+ 39. Qxg3 Qd4
40. Rb3 Qh8+ 41. Qh3 Rh4 42. b6 Rxh3+ 43. gxh3 Qe5+ 44. Kg2 Qe4+ 45. Kg3 Qc4
46. Ra3 Qc6 47. Rb3 Qc4 48. Ra3 Qb5 49. Ra8+ Kg7 50. Rb8 Kf6 51. b7 Qb6 52. Kg2
Qc7 0-1

[Event "Benidorm 2013 - Torneo sub2300"]
[Site "Benidorm ESP"]
[Date "2013.12.02"]
[Round "5.9"]
[White "Sanchez Barbado, Carlos"]
[Black "Olhovik, Andrei"]
[Result "0-1"]
[WhiteElo "2154"]
[BlackElo "2252"]
[PlyCount "130"]
[EventDate "2013.11.29"]
[EventType "swiss"]
[EventRounds "10"]
[EventCountry "ESP"]
[Source "lmi"]
[SourceDate "2013.11.29"]

1. e4 c5 2. Nc3 Nc6 3. f4 g6 4. Nf3 Bg7 5. Bb5 Nd4 6. O-O Nxb5 7. Nxb5 Nf6 8.
d3 O-O 9. a4 d6 10. Qe1 a6 11. Nc3 e6 12. Qh4 Nd7 13. Qh3 Nb8 14. Bd2 Nc6 15.
Rae1 Nd4 16. Nxd4 cxd4 17. Ne2 Bd7 18. c3 dxc3 19. Bxc3 Bxc3 20. bxc3 Bxa4 21.
f5 exf5 22. exf5 Bd7 23. Qg3 Qf6 24. Nd4 Rae8 25. Rb1 b5 26. Ra1 Bc8 27. fxg6
Qxg6 28. Rf6 Qxg3 29. hxg3 Re3 30. Rd1 Rxg3 31. Rxd6 Rg6 32. Rxg6+ fxg6 33. c4
Bg4 34. Re1 Rd8 35. Re4 Bd7 36. cxb5 axb5 37. Kf2 Kf7 38. Nf3 Be8 39. Ke3 Kf6
40. Nd4 Bd7 41. Rf4+ Ke7 42. Rh4 h5 43. Rh1 Kd6 44. Rb1 Rb8 45. g3 Kd5 46. Ne2
g5 47. Nc3+ Ke5 48. d4+ Kf5 49. Rb4 h4 50. gxh4 gxh4 51. d5 h3 52. Rh4 Kg5 53.
Rh7 Bf5 54. Rg7+ Kf6 55. Rg1 b4 56. Na4 b3 57. Nb2 Ke5 58. Rd1 Rc8 59. d6 Rc3+
60. Kf2 Rc2+ 61. Kg3 Rg2+ 62. Kh4 Rxb2 63. d7 Bxd7 64. Rxd7 h2 65. Rd1 Rc2 0-1